000 00412nam a22001697a 4500
003 MPLRDC
005 20220104180541.0
008 210129b ||||| |||| 00| 0 eng d
082 _a524.954 YUN 1992
100 _aARJUNA @ MOHD. NOOR YUNUS
245 _aSEJARAH ISLAM STPM
_c
250 _a再版
260 _a
_bPENERBITAN PELANGI S/B
_c1992
300 _b
650 _a
942 _cBK
_o524.954 YUN 1992
999 _c60976
_d60966